000 00930nmm a2200277 a 4500
001 ocm000716576
003 TR-IsHL
005 20201028152643.0
008 150709s1968 tu tur
007 cr cn
035 _a716576
_b(N$T)
050 0 4 _aHF3756.5.Z5
_bİ88 1968
090 0 4 _aHF3756.5.Z5
_bİ88 1968
245 1 0 _aİthalat rejimi, ithalat yönetmeliği ve 20. kota ithal listesi
_h[electronic resource]
250 _a1. bs.
260 _aİstanbul :
_bİstanbul Ticaret Odası,
_c1968
300 _a152 p.
650 4 _aEkonomi ve Finans
650 4 _aEconomics and Finance
650 0 _aDış ticaret rejimi
_x Türkiye
650 0 _aForeign trade regulation
_x Turkey
650 0 _aTürkiye
_x Ticaret
650 0 _aTurkey
_x Commerce
650 7 _aBUSINESS & ECONOMICS / Commerce
_2bisacsh
856 4 0 _uhttp://search.ebscohost.com/login.aspx?direct=true&scope=site&db=e011xww&AN=716576
999 _c11639
_d11639